000 00323nam a22001337a 4500
008 171025b xxu||||| |||| 00| 0 eng d
020 _a9780697078377
041 _aeng
080 _22ND
_a311
100 _a55
101 _aSTA
245 _aELEMENTARY STATISTICS A PROBLEM-SOLVING APPROACH
_cCOMREY,A.L
942 _2udc
_cBK
999 _c35922
_d35922